ბათუმის შოთა რუსთაველის სახელმწიფო უნივერსიტეტის ბიბლიოთეკა

Функции действительного переменного. Элементарная теория (ბიბ.ჩანაწერი № 48104)

000 -LEADER
fixed length control field 00685nam a2200217Ia 4500
001 - CONTROL NUMBER
control field 14985
003 - CONTROL NUMBER IDENTIFIER
control field GE_BSU
008 - FIXED-LENGTH DATA ELEMENTS--GENERAL INFORMATION
fixed length control field 181216s||||||||xx |||||||||||||| ||und||
040 ## - CATALOGING SOURCE
Transcribing agency GE_BSU
080 ## - UNIVERSAL DECIMAL CLASSIFICATION NUMBER
Universal Decimal Classification number 517.51
100 ## - MAIN ENTRY--PERSONAL NAME
Personal name Бурбаки,Н.
245 ## - TITLE STATEMENT
Title Функции действительного переменного. Элементарная теория
245 ## - TITLE STATEMENT
Statement of responsibility, etc. Пер. с франц. Е.И.Стечкиной.
260 ## - PUBLICATION, DISTRIBUTION, ETC.
Place of publication, distribution, etc. Москва
260 ## - PUBLICATION, DISTRIBUTION, ETC.
Name of publisher, distributor, etc. Наука
260 ## - PUBLICATION, DISTRIBUTION, ETC.
Date of publication, distribution, etc. 1965
300 ## - PHYSICAL DESCRIPTION
Extent 423стр.22см.
653 ## - INDEX TERM--UNCONTROLLED
Uncontrolled term Функции действительного переменного
653 ## - INDEX TERM--UNCONTROLLED
Uncontrolled term Элементарная теория
942 ## - ADDED ENTRY ELEMENTS (KOHA)
Koha item type წიგნი
ეგზემპლარები
Withdrawn status Lost status Damaged status Not for loan Date acquired Barcode Date last seen Price effective from Koha item type
        2018-12-17 15004 2018-12-17 2018-12-17 წიგნი
        2018-12-17 15773 2018-12-17 2018-12-17 წიგნი
        2018-12-17 16639 2018-12-17 2018-12-17 წიგნი